معجم المصطلحات والألفاظ الفقهية / (Record no. 80047)

MARC details
000 -LEADER
fixed length control field 00533nam a22001697a 4500
005 - DATE AND TIME OF LATEST TRANSACTION
control field 20251108172450.0
008 - FIXED-LENGTH DATA ELEMENTS--GENERAL INFORMATION
fixed length control field 250721s9999 xx 000 0 ara d
082 14 - DEWEY DECIMAL CLASSIFICATION NUMBER
Classification number م/260.3/عبد
100 1# - MAIN ENTRY--PERSONAL NAME
Personal name عبد المنعم، محمود عبد الرحمن
245 10 - TITLE STATEMENT
Title معجم المصطلحات والألفاظ الفقهية /
264 1# - PRODUCTION, PUBLICATION, DISTRIBUTION, MANUFACTURE, AND COPYRIGHT NOTICE
Place of production, publication, distribution, manufacture القاهرة :
Name of producer, publisher, distributor, manufacturer دار الفضيلة،
300 ## - PHYSICAL DESCRIPTION
Extent
650 17 - SUBJECT ADDED ENTRY--TOPICAL TERM
Topical term or geographic name as entry element الفقه الإسلامي
650 17 - SUBJECT ADDED ENTRY--TOPICAL TERM
Topical term or geographic name as entry element معاجم المصطلحات
942 ## - ADDED ENTRY ELEMENTS (KOHA)
Source of classification or shelving scheme Dewey Decimal Classification
Koha item type References
Holdings
حالة السحب حالة الفقدان مصدر التصنيف حالة التلف غير قابل للإعارة المكتبة الرئيسية المكتبة الحالية موقع الرف تاريخ التزويد الرقم المتسلسل Total Checkouts رقم الإستدعاء الباركود تاريخ آخر ظهور تاريخ الفاتورة نوع المادة (كوها)
    Dewey Decimal Classification   Not For Loan مكتبة منتدى الرواد مكتبة منتدى الرواد مراجع 25/12/2017 1652626   م/260.3/عبد PLD00414383 28/07/2025 25/12/2017 References
    Dewey Decimal Classification   Not For Loan مكتبة منتدى الرواد مكتبة منتدى الرواد مراجع 25/12/2017 1652625   م/260.3/عبد PLD00414384 28/07/2025 25/12/2017 References
    Dewey Decimal Classification   Not For Loan مكتبة منتدى الرواد مكتبة منتدى الرواد مراجع 25/12/2017 1652627   م/260.3/عبد PLD00414385 28/07/2025 25/12/2017 References
Implemented & Customized by: BBB with SCIT (Smart Chains for Information Technology)

Powered by Koha